| 000 | 00404nam a2200121 4500 | ||
|---|---|---|---|
| 999 |
_c9819 _d9819 |
||
| 008 | 180718b ||||| |||| 00| 0 eng d | ||
| 100 |
_929066 _aManila Bulletin Research |
||
| 245 |
_aExploring, developing technologies for PH's renewable energy sources/ _cManila Bulletin Research |
||
| 260 |
_aPhilippines _bManila Bulletin _cc2016 |
||
| 300 | _apage B-3. | ||
| 650 | 0 |
_929067 _aTechnology. |
|
| 942 |
_2ddc _cPER |
||